Devoción popular en España a la Virgen Blanca y a Nuestra Señora de las Nieves / (Record no. 93715)
[ view plain ]
| 000 -LEADER | |
|---|---|
| campo de control de longitud fija | 00594nam a2200169 i 4500 |
| 001 - NÚMERO DE CONTROL | |
| campo de control | 93715 |
| 003 - IDENTIFICADOR DE NÚMERO DE CONTROL | |
| campo de control | ES-MaACL |
| 005 - FECHA Y HORA DE LA ÚLTIMA TRANSACCIÓN | |
| campo de control | 20230906181312.0 |
| 007 - CAMPO FIJO DE DESCRIPCIÓN FÍSICA--INFORMACIÓN GENERAL | |
| campo de control de longitud fija | t| |
| 008 - DATOS DE LONGITUD FIJA--INFORMACIÓN GENERAL | |
| campo de control de longitud fija | 050418s1967 sp ||||1| spa d |
| 100 1# - ENTRADA PRINCIPAL--NOMBRE DE PERSONA | |
| Nombre de persona | López de Guereñu, Gerardo. |
| 9 (RLIN) | 73544 |
| 245 10 - MENCIÓN DEL TÍTULO | |
| Título | Devoción popular en España a la Virgen Blanca y a Nuestra Señora de las Nieves / |
| Mención de responsabilidad, etc. | Gerardo López de Guereñu. |
| 260 ## - PUBLICACIÓN, DISTRIBUCIÓN, ETC. | |
| Lugar de publicación, distribución, etc. | Vitoria : |
| Nombre del editor, distribuidor, etc. | Caja de Ahorros Municipal Vilar, |
| Fecha de publicación, distribución, etc. | 1967. |
| 300 ## - DESCRIPCIÓN FÍSICA | |
| Extensión | 263 p., 5 h. : |
| Otras características físicas | il. ; |
| Dimensiones | 25 cm. |
| 710 1# - ENTRADA AGREGADA--NOMBRE DE ENTIDAD CORPORATIVA | |
| Nombre de entidad corporativa o nombre de jurisdicción como elemento de entrada | Caja de Ahorros Municipal de Vitoria. |
| 9 (RLIN) | 2302 |
| 852 ## - LOCALIZACIÓN | |
| Ubicación | ES-MaACL |
| Número de control de estantería | C-32961 |
| Sublocalización o colección | R.63882 |
| Estatus retirado | Estado de pérdida | Estado de daño | No para préstamo | Biblioteca de origen | Biblioteca actual | Ubicación en estantería | Fecha de adquisición | Fuente de adquisición | Total de préstamos | Signatura topográfica completa | Código de barras | Visto por última vez | Precio de reemplazo | Tipo de ítem Koha |
|---|---|---|---|---|---|---|---|---|---|---|---|---|---|---|
| Biblioteca del Ateneo de Madrid | Biblioteca del Ateneo de Madrid | Depósito 2 | 17/01/2008 | C-32961 | 1097866 | 23/02/2023 | 23/02/2023 | Libro impreso |
